[Event "NBSB-chA"]
[Site "Roosendaal"]
[Date "2009.08.29"]
[Round "3"]
[White "Nap, Rowan"]
[Black "Kuijpers, Charles F"]
[Result "1/2-1/2"]
[WhiteElo "1908"]
[BlackElo "2018"]
[PlyCount "32"]
[EventDate "2009.08.28"]
[EventType "swiss (rapid)"]
[EventRounds "6"]
[EventCountry "NED"]
[SourceTitle "CBM 132 Extra"]
[Source "ChessBase"]
[SourceDate "2009.11.03"]
[SourceVersion "1"]
[SourceVersionDate "2009.11.03"]
[SourceQuality "1"]

1. e4 e6 2. d4 d5 3. Nc3 Bb4 4. exd5 exd5 5. Nf3 Ne7 6. Bd3 Bg4 7. h3 Bh5 8. 0-0 Nbc6 9. Bb5 0-0 10. Be2 Re8 11. a3 Bd6 12. Nb5 a6 13. Nxd6 Qxd6 14. c3 f6 15. Qc2 Bg6 16. Bd3 Bxd3 1/2-1/2

[Event "NBSB-chA"]
[Site "Roosendaal"]
[Date "2009.08.28"]
[Round "1"]
[White "Schuermans, Robert"]
[Black "Nap, Rowan"]
[Result "1-0"]
[WhiteElo "2118"]
[BlackElo "1908"]
[PlyCount "87"]
[EventDate "2009.08.28"]
[EventType "swiss (rapid)"]
[EventRounds "6"]
[EventCountry "NED"]
[SourceTitle "CBM 132 Extra"]
[Source "ChessBase"]
[SourceDate "2009.11.03"]
[SourceVersion "1"]
[SourceVersionDate "2009.11.03"]
[SourceQuality "1"]

1. e4 g6 2. d4 Bg7 3. Nc3 d6 4. f4 e6 5. Nf3 Nd7 6. Be3 a6 7. Bd3 Ngf6 8. h3 b5 9. Ne2 Bb7 10. Ng3 0-0 11. 0-0 c5 12. c3 Qc7 13. Rc1 Rad8 14. Qe2 c4 15. Bb1 Nb6 16. Qf2 Nc8 17. f5 exf5 18. exf5 Ne7 19. Rce1 Rde8 20. Bg5 Ned5 21. Rxe8 Rxe8 22. fxg6 fxg6 23. Nd2 Qd7 24. Nde4 Nxe4 25. Nxe4 Rf8 26. Qg3 Rxf1+ 27. Kxf1 h6 28. Bd2 Qf5+ 29. Kg1 Ne7 30. Qe1 Bxe4 31. Bxe4 Qd7 32. Qg3 Qe6 33. Qf3 d5 34. Bc2 Nf5 35. Qf2 Nd6 36. Qh4 g5 37. Qg3 Ne4 38. Qb8+ Bf8 39. Be1 Kf7 40. Bd1 Bd6 41. Qb7+ Kg6 42. Bg4 Qf6 43. Qxd5 h5 44. Qxe4+ 1-0

[Event "Hengelo U12 op"]
[Site "Hengelo"]
[Date "2005.08.13"]
[Round "13"]
[White "Decoster, Sam"]
[Black "Nap, Rowan"]
[Result "0-1"]
[WhiteElo "1663"]
[BlackElo "1600"]
[PlyCount "48"]
[EventDate "2005.08.??"]
[EventType "swiss"]
[EventRounds "13"]
[EventCountry "NED"]
[SourceTitle "CBM 107 Extra"]
[Source "ChessBase"]
[SourceDate "2005.09.01"]
[SourceVersion "1"]
[SourceVersionDate "2005.09.01"]
[SourceQuality "1"]

1. a3 g6 2. d4 Bg7 3. e4 d6 4. c3 Nf6 5. Bd3 Nbd7 6. f4 c5 7. d5 c4 8. Bc2 Nc5 9. Qe2 b5 10. a4 Bd7 11. Nf3 0-0 12. Nd4 a6 13. 0-0 e6 14. dxe6 fxe6 15. Nd2 Qe7 16. Qf3 Nh5 17. Qe3 Bh6 18. Ne2 e5 19. g3 Qf7 20. Rf2 Bg4 21. axb5 Bxe2 22. Qxe2 exf4 23. Qd1 Qe6 24. g4 Nf6 0-1

[Event "Hengelo U12 op"]
[Site "Hengelo"]
[Date "2005.08.10"]
[Round "6"]
[White "Nap, Rowan"]
[Black "Slagter, David"]
[Result "1-0"]
[WhiteElo "1600"]
[BlackElo "1514"]
[PlyCount "103"]
[EventDate "2005.08.??"]
[EventType "swiss"]
[EventRounds "13"]
[EventCountry "NED"]
[SourceTitle "CBM 107 Extra"]
[Source "ChessBase"]
[SourceDate "2005.09.01"]
[SourceVersion "1"]
[SourceVersionDate "2005.09.01"]
[SourceQuality "1"]

1. d4 Nf6 2. c4 g6 3. Nf3 Bg7 4. Nc3 0-0 5. Bf4 d6 6. e4 Nbd7 7. Bd3 c5 8. d5 Qb6 9. Rb1 Nh5 10. Be3 Ne5 11. Nxe5 Bxe5 12. 0-0 Bxc3 13. bxc3 Qa5 14. Qc2 Qc7 15. Be2 Ng7 16. Qd2 f5 17. f3 Bd7 18. Bh6 Rf7 19. Bd3 fxe4 20. fxe4 Raf8 21. Bxg7 Kxg7 22. Qg5 Rxf1+ 23. Rxf1 Rxf1+ 24. Kxf1 Be8 25. h4 a6 26. h5 Bf7 27. h6+ Kf8 28. Be2 Qb6 29. e5 Qb1+ 30. Kf2 Qf5+ 31. Qxf5 gxf5 32. e6 Bg6 33. Kg3 b6 34. Kf4 a5 35. Bd3 Bh5 36. Kg5 Bd1 37. Kxf5 Kg8 38. g4 Kh8 39. g5 Bh5 40. Kf4 Be8 41. g6 Ba4 42. gxh7 Be8 43. Kg5 a4 44. Bg6 Bb5 45. cxb5 a3 46. Bh5 c4 47. Be8 Kxh7 48. Bc6 Kg8 49. Kg6 Kf8 50. Bb7 Kg8 51. h7+ Kh8 52. Kf7 1-0

[Event "NED-ch U13"]
[Site "Rijswijk"]
[Date "2005.05.06"]
[Round "5"]
[White "Ducarmon, Quinten"]
[Black "Nap, Rowan"]
[Result "1-0"]
[WhiteElo "1684"]
[BlackElo "1601"]
[PlyCount "109"]
[EventDate "2005.05.05"]
[EventType "swiss"]
[EventRounds "9"]
[EventCountry "NED"]
[SourceTitle "EXT 2013"]
[Source "ChessBase"]
[SourceDate "2012.11.22"]
[SourceVersion "1"]
[SourceVersionDate "2012.11.22"]
[SourceQuality "1"]

1. e4 c5 2. Nf3 Nc6 3. d4 cxd4 4. Nxd4 Nf6 5. Nc3 e6 6. Bg5 Be7 7. Be2 d5 8. exd5 Nxd5 9. Bxe7 Ncxe7 10. 0-0 0-0 11. Bf3 Nxc3 12. bxc3 Nd5 13. c4 Nb6 14. c5 Nd5 15. c4 Nf4 16. c6 Rb8 17. Nb5 bxc6 18. Nxa7 Qxd1 19. Raxd1 c5 20. Rb1 Bd7 21. Nb5 Nd3 22. Be2 Ne5 23. f4 Bxb5 24. Rxb5 Rxb5 25. cxb5 Ng6 26. f5 Ne5 27. fxe6 fxe6 28. Rxf8+ Kxf8 29. a4 Ke7 30. Kf2 Kd6 31. Ke3 Kc7 32. a5 Nd7 33. Bg4 Kd6 34. a6 Kc7 35. Bxe6 Nb6 36. Bf5 h6 37. Be4 Kb8 38. Kf4 Ka7 39. Kf5 Nd7 40. Kg6 h5 41. Kxg7 c4 42. h3 h4 43. Kh6 c3 44. Kg5 Nc5 45. Bh7 Ne6+ 46. Kxh4 Nd4 47. g4 Nxb5 48. g5 Nd4 49. Kg4 Kxa6 50. Bd3+ Kb6 51. g6 Ne6 52. h4 Kc7 53. h5 Nc5 54. g7 Nd7 55. Kf5 1-0

[Event "NED-ch U13"]
[Site "Rijswijk"]
[Date "2005.05.05"]
[Round "1"]
[White "Slagter, Jonathan"]
[Black "Nap, Rowan"]
[Result "1/2-1/2"]
[WhiteElo "1322"]
[BlackElo "1601"]
[PlyCount "47"]
[EventDate "2005.05.05"]
[EventType "swiss"]
[EventRounds "9"]
[EventCountry "NED"]
[SourceTitle "EXT 2013"]
[Source "ChessBase"]
[SourceDate "2012.11.22"]
[SourceVersion "1"]
[SourceVersionDate "2012.11.22"]
[SourceQuality "1"]

1. e4 c5 2. Nf3 Nc6 3. d4 cxd4 4. Nxd4 Nf6 5. Nxc6 bxc6 6. Nc3 e5 7. Bd3 Bc5 8. 0-0 d5 9. Bg5 Bb7 10. Qf3 Qd6 11. Bxf6 gxf6 12. Rfe1 0-0-0 13. Rad1 Kb8 14. a3 Qe6 15. Rb1 h5 16. b4 Bb6 17. a4 a5 18. b5 d4 19. Ne2 c5 20. Rec1 Rdg8 21. Ng3 h4 22. Nf5 h3 23. g3 Rg5 24. Kf1 1/2-1/2